Realización audiovisual

Uloženo v:
Podrobná bibliografie
Hlavní autor: Bestard Luciano, Maria (Autor)
Médium: Kniha
Jazyk:španělština
Vydáno: Barcelona UOC 2011
Vydání:1a. ed
Témata:
Tagy: Přidat tag
Žádné tagy, Buďte první, kdo vytvoří štítek k tomuto záznamu!

MARC

LEADER 00000cam a2200000 a 4500
001 UCC1633
003 CL-VaPUC
008 171117e20110000sp |||||||||||||||||spa|d
020 |a 9788497884440 
082 0 4 |a 302.23  |b BES  |2 21 
100 0 |a Bestard Luciano, Maria  |e author  |9 595680 
245 1 0 |a Realización audiovisual 
250 |a 1a. ed 
300 |a 221 p 
942 |c BK 
945 |d 20171117 16:06:00  |a dcastane 
260 |a Barcelona  |b UOC  |c 2011 
650 0 |a Medios de comunicación de masas  |9 257273 
650 0 |a Comunicación audiovisual  |9 268089 
583 |a last modification  |c 20171117 16:06:00  |k Rodrigo Vera 
999 |c 370044  |d 370042 
952 |0 0  |1 0  |3 erb  |4 0  |6 302_230000000000000_BES_2011  |7 0  |8 A  |9 486324  |a BIBCUR  |b BIBCUR  |i 5435994  |o 302.23 BES 2011  |p 5435994  |r 2025-04-22  |w 2019-11-24  |y BK  |z Catalogado en:20171117  |k PER